Discurso pronunciado en la Real Iglesia de Santo Tomás de esta Corte el día 7 de julio del presente año, en el aniversario que la Sociedad Filantrópica de Milicianos Nacionales Veteranos celebró a la memoria de los héroes de este día / (Record no. 160875)

MARC details
000 -LEADER
campo de control de longitud fija 00849nam a2200169 i 4500
001 - NÚMERO DE CONTROL
campo de control 160875
003 - IDENTIFICADOR DE NÚMERO DE CONTROL
campo de control ES-MaACL
005 - FECHA Y HORA DE LA ÚLTIMA TRANSACCIÓN
campo de control 20230906212138.0
008 - DATOS DE LONGITUD FIJA--INFORMACIÓN GENERAL
campo de control de longitud fija 041004s1855 sp |||| | spa d
040 ## - FUENTE DE CATALOGACIÓN
Centro catalogador/agencia de origen CAM
Lengua de catalogación spa
Centro/agencia transcriptor CAM
100 1# - ENTRADA PRINCIPAL--NOMBRE DE PERSONA
Nombre de persona Ochagavía, Manuel María.
9 (RLIN) 130590
245 10 - MENCIÓN DEL TÍTULO
Título Discurso pronunciado en la Real Iglesia de Santo Tomás de esta Corte el día 7 de julio del presente año, en el aniversario que la Sociedad Filantrópica de Milicianos Nacionales Veteranos celebró a la memoria de los héroes de este día /
Mención de responsabilidad, etc. por el presbítero D. Manuel María Ochagavia.
260 ## - PUBLICACIÓN, DISTRIBUCIÓN, ETC.
Lugar de publicación, distribución, etc. Madrid :
Nombre del editor, distribuidor, etc. [s.n.],
Fecha de publicación, distribución, etc. 1855 (
Fabricante Imp. y Fund. de Eusebio Aguado)
300 ## - DESCRIPCIÓN FÍSICA
Extensión 35 p. ;
Dimensiones 22 cm.
710 2# - ENTRADA AGREGADA--NOMBRE DE ENTIDAD CORPORATIVA
Nombre de entidad corporativa o nombre de jurisdicción como elemento de entrada Sociedad Filantrópica de Milicianos Nacionales Veteranos.
9 (RLIN) 161745
852 ## - LOCALIZACIÓN
Ubicación ES-MaACL
Número de control de estantería Fol-Laf-307
Nota libre - rúst.
-- . - Legado de Modesto de la Fuente
Holdings
Estatus retirado Estado de pérdida Estado de daño No para préstamo Colección Biblioteca de origen Biblioteca actual Ubicación en estantería Fecha de adquisición Fuente de adquisición Total de préstamos Signatura topográfica completa Código de barras Visto por última vez Precio de reemplazo Tipo de ítem Koha
        Colección de folletos Biblioteca del Ateneo de Madrid Biblioteca del Ateneo de Madrid Depósito folletos 17/01/2008     Fol-Laf-307 1168474 23/02/2023 23/02/2023 Folleto